LEADER 01164nam a2200265 4500 001 000000357902 003 CaOOAMICUS 005 20240408123457.0 008 240408s2023 it 000 u ita r 020 $a978-88-6826-390-4 040 $aSeMil$bita 100 1 $aAles Bello, Angela,$d<1939- >.$0(OLS)http://semarc/name/2623 245 10$aTi racconto l'aldilà :$bfenomenologia della vita umana ante mortem e post mortem /$cAngela Ales Bello, Anna Maria Sciacca. 264 1$aRoma :$bCastelvecchi,$c2023. 300 $a213 p. ;$c21 cm 490 1 $aNavi 650 4$aAldilà.$0(OLS)http://semarc/subject/8152 700 1 $aSciacca, Anna Maria.$0(OLS)http://semarc/name/111594 830 3$aNavi.$0(OLS)http://semarc/title/446522 850 $aSeMil 852 $aSeMil$W1$xVenegono$y1$m2B IV 357$j247456$B249044$CSeMilBibl$Z2$F249044 $81 996 $6020$a978-88-6826-390-4$9(OLS)http://semarc/number/300166 996 $6245$aTi racconto l'aldilà :$bfenomenologia della vita umana ante mortem e post mortem$9(OLS)http://semarc/title/448188 996 $6264$aRoma :$bCastelvecchi$9(OLS)http://semarc/publisher/36831 LEADER 01208nam a2200277 i 4500 001 000000113574 003 CaOOAMICUS 005 20030327000000.0 008 030327s2002 it u000 u ita u 013 $a86260 020 $a88-384-6950-4 040 $aSeMil$bita 100 1 $aTornielli, Andrea,$d<1964- >.$0(OLS)http://semarc/name/91147 245 10$aEscrivá Fondatore dell'Opus Dei /$cAndrea Tornielli ; prefazione di S.E. Card. Dionigi Tettamanzi. 260 $aCasale Monferrato (AL) :$bPiemme,$c2002. 300 $a190 p. ;$c21 cm. 500 $aDono del Card. Dionigi Tettamanzi. 600 14$aEscrivá de Balaguer, Josemaría .$0(OLS)http://semarc/subject/12727 700 1 $aTettamanzi, Dionigi,$c.$0(OLS)http://semarc/name/89456 850 $aSeMil 852 $aSeMil$W1$xVenegono$y1$m3G II 199$j69254$B69254$CSeMilBibl$Z2$F75012 $81 941 1 $a5 961 $aOmaggio: Tettamanzi Card. Dionigi 996 $6020$a88-384-6950-4$9(OLS)http://semarc/number/96594 996 $6245$aEscrivá Fondatore dell'Opus Dei$9(OLS)http://semarc/title/165850 996 $6260$aCasale Monferrato (AL) :$bPiemme$9(OLS)http://semarc/publisher/30052